Posibilidades y límites del conocimiento en la obra de Pascal

Gardado en:
Detalles Bibliográficos
Autor Principal: Castro Méndez, Silvia
Formato: Libro
Idioma:Undetermined
Publicado: San José, Costa Rica Escuela de Filosofía, Universidad de Costa Rica 1987
Materias:
Etiquetas: Engadir etiqueta
Sen Etiquetas, Sexa o primeiro en etiquetar este rexistro!

MARC

LEADER 00000nam a2200000Ia 4500
008 170316s9999 xx 000 0 und d
040 |a cru BVZT 
090 |a TESIS 377 
100 |a Castro Méndez, Silvia 
245 |a Posibilidades y límites del conocimiento en la obra de Pascal 
260 |a San José, Costa Rica 
260 |b Escuela de Filosofía, Universidad de Costa Rica 
260 |c 1987 
300 |a 183 páginas 
650 |a LICENCIATURA EN FILOSOFÍA 
650 |a TRABAJO FINAL DE GRADUACIÓN 
999 |c 14009  |d 14009 
942 |c TFG  |h TESIS 377  |2 z